[Event "Phew I was scared of the Abraham`s Defence!"]
[Site "SchemingMind.com"]
[Date "2013.05.17"]
[Round "-"]
[White "emvarela"]
[Black "NimbleKnight"]
[Result "1/2-1/2"]
[WhiteCountry "ARG"]
[BlackCountry "USA"]
[WhiteElo "1741"]
[WhiteRD "47"]
[BlackElo "1898"]
[BlackRD "70"]
[GameID "331781"]

1. d4 d5 2. c4 c6 3. Nf3 Nf6 4. Nc3 a6 5. cxd5 cxd5 6. Bf4 Nc6 7. e3 Nh5 8. Qb3 Nxf4 9. exf4 e6 10. Be2 Be7
11. Ne5 O-O 12. Nxc6 bxc6 13. O-O Qc7 14. g3 Rb8 15. Qc2 c5 16. dxc5 Qxc5 17. Bd3 g6 18. Rac1 Bb7 19. Ne2 Qxc2 20. Rxc2 Rfc8
21. Rfc1 Rxc2 22. Rxc2 Rc8 23. Rxc8+ Bxc8 24. a3 Bf6 25. b4 Kf8 26. a4 Ke7 27. b5 axb5 28. Bxb5 Bd7 29. Bxd7 Kxd7 30. Nc1 Kc6
31. Nb3 Bc3 32. f3 f6 33. Kf2 Kb6 34. g4 e5 35. fxe5 fxe5 36. h4 Bb4=
1/2-1/2

[Event "Phew I was scared of the Abraham`s Defence!"]
[Site "SchemingMind.com"]
[Date "2013.05.17"]
[Round "-"]
[White "NimbleKnight"]
[Black "emvarela"]
[Result "0-1"]
[WhiteCountry "USA"]
[BlackCountry "ARG"]
[WhiteElo "1812"]
[WhiteRD "73"]
[BlackElo "1713"]
[BlackRD "51"]
[GameID "331785"]

1. d4 d5 2. c4 c6 3. Nf3 Nf6 4. Nc3 a6 5. e3 b5 6. b3 Bg4 7. h3 Bxf3 8. Qxf3 e6 9. c5 Be7 10. Bd3 O-O
11. Bb2 a5 12. O-O Nbd7 13. g4 h6 14. Qg2 e5 15. g5 hxg5 16. Qxg5 e4 17. Bc2 Nh7 18. Qg2 Ndf6 19. Kh1 Nh5 20. Rg1 Ng5
21. Bd1 Nf3 22. Bxf3 exf3 23. Qxf3 Nf6 24. Rg2 g6 25. Rag1 Kg7 26. Nb1 Rh8 27. Nd2 Qd7 28. Rg3 Rh4 29. R1g2 Nh5 30. e4 Nf4
31. Rh2 Rah8 32. Kg1 Nxh3+ 33. Rhxh3 Rxh3 34. Rxh3 Rxh3 35. Qe2 Rh5 36. Qf3 Rg5+ 37. Kf1 Qg4 38. Qxg4 Rxg4 39. exd5 cxd5 40. Nf3 f5
41. Ne5 Re4 42. f3 Rxe5 43. dxe5 Bxc5 44. Ke2 Kf7 45. f4 Ke6 46. Kd3 a4 47. bxa4 bxa4 48. Bc3 a3 49. Ba1 Be7 50. Bc3 g5
51. fxg5 Bxg5 52. Ke2 Bf4 53. Bb4 Kxe5 54. Bxa3 Ke4 55. Bb4 d4 56. a4 d3+ 57. Ke1 Be3 58. a5 f4 59. Bc3 f3 60. Bb4 f2+
61. Kf1 Kf3 62. Bc3 Bd4 63. Bb4 Ke3 64. a6 d2 65. Bxd2+ Kxd2 66. a7 Bxa7 67. Kg2 Ke1 68. Kg3 f1=Q
0-1

[Event "Phew I was scared of the Abraham`s Defence!"]
[Site "SchemingMind.com"]
[Date "2013.05.30"]
[Round "-"]
[White "nofischer"]
[Black "dsplit"]
[Result "0-1"]
[WhiteCountry "USA"]
[BlackCountry "NED"]
[WhiteElo "1486"]
[WhiteRD "106"]
[BlackElo "1777"]
[BlackRD "72"]
[GameID "332489"]

1. d4 d5 2. c4 c6 3. Nf3 Nf6 4. Nc3 a6 5. h3 e6 6. e3 Bb4 7. Qb3 Bxc3+ 8. Qxc3 h6 9. Bd3 O-O 10. O-O Nbd7
11. Re1 Re8 12. e4 dxe4 13. Bxe4 Nxe4 14. Rxe4 Nf6 15. Re5 Nd7 16. Rh5 Nf6 17. Re5 c5 18. g4 cxd4 19. Nxd4 Nd7 20. Re4 Nf6
21. Re5 Nd7 22. Rh5 e5 23. Nf5 Nf6 24. Nxh6+ gxh6 25. Rxh6 Qd1+ 26. Kg2 Ne4 27. Qe3 Qd4 28. Qxd4 exd4 29. f3 Nc5 30. Bf4 Re6
31. Rh5 Nd3 32. Bc1 Re1 33. Rg5+ Kf8 34. h4 Bd7 35. h5 Ke7 36. Rd5 Nxc1 37. h6 Nd3 38. Rxe1+ Nxe1+ 39. Kf2 Nc2 40. Ke2 Bc6
41. Re5+ Kf6 42. Rh5 Ne3 43. h7 Kg7 44. Kd3 Rd8 45. b4 Bxf3 46. h8=Q+ Rxh8 47. Rg5+ Kf6 48. Rc5 Nxg4 49. Kxd4 Rd8+ 50. Kc3 Rd7
51. a4 Ne5 52. b5 axb5 53. cxb5 Kf5 54. Kb4 Ke4 55. Ka5 Kd4 56. Rc1 f5 57. Rg1 Ng4 58. Rf1 Ke3 59. Rc1 Be4 60. Kb6 Rf7
61. a5 f4 62. Rg1 Nf2
0-1

[Event "Phew I was scared of the Abraham`s Defence!"]
[Site "SchemingMind.com"]
[Date "2013.05.30"]
[Round "-"]
[White "dsplit"]
[Black "nofischer"]
[Result "1-0"]
[WhiteCountry "NED"]
[BlackCountry "USA"]
[WhiteElo "1778"]
[WhiteRD "69"]
[BlackElo "1449"]
[BlackRD "119"]
[GameID "332494"]

1. d4 d5 2. c4 c6 3. Nf3 Nf6 4. Nc3 a6 5. e3 Bg4 6. Be2 Be6 7. c5 Nbd7 8. O-O h6 9. h3 h5 10. Ng5 Bf5
11. Bd3 Bxd3 12. Qxd3 e5 13. dxe5 Nxc5 14. Qf5 Qd7 15. Qf3 Nh7 16. Nxh7 Rxh7 17. Rd1 Ne6 18. Qf5 g6 19. Qc2 O-O-O 20. Nxd5 Qe8
21. Nf6 Rxd1+ 22. Qxd1 Qe7 23. Nxh7 Nc5 24. Nxf8 Qxf8 25. b3 Nd7 26. Bb2 b5 27. Qd6 Qxd6 28. exd6 Nc5 29. Ba3 Nb7 30. Rd1 Kd7
31. e4 c5 32. e5 a5 33. Bc1 Nd8 34. Be3 Ne6 35. f4 a4 36. g3 axb3 37. axb3 b4 38. Ra1 Kc6 39. Kf1 Nd4 40. Bxd4 cxd4
41. Ra7 Kd5 42. d7 d3 43. d8=Q+ Ke4 44. Rd7
1-0

[Event "Phew I was scared of the Abraham`s Defence!"]
[Site "SchemingMind.com"]
[Date "2013.06.12"]
[Round "-"]
[White "private napoleon"]
[Black "jnable"]
[Result "1/2-1/2"]
[WhiteCountry "ENG"]
[BlackCountry "PHI"]
[WhiteElo "1791"]
[WhiteRD "62"]
[BlackElo "1798"]
[BlackRD "95"]
[GameID "332846"]

1. d4 d5 2. c4 c6 3. Nf3 Nf6 4. Nc3 a6 5. e3 Bg4 6. Qb3 Bxf3 7. gxf3 Qd7 8. c5 Qc7 9. a4 Nbd7 10. a5 e5
11. Bd2 Be7 12. Na4 O-O 13. Nb6 Rae8 14. Be2 exd4 15. exd4 Nh5 16. O-O-O f5 17. Bd3 g6 18. Rde1 Ng7 19. Nxd5 cxd5 20. Qxd5+ Kh8
21. h4 Nf6 22. Qc4 Nfh5 23. b4 Nf4 24. d5 Nxd3+ 25. Qxd3 Bxc5 26. bxc5 Qxc5+ 27. Kb2 Rd8 28. Bc3 Rxd5 29. Qc2 Rfd8 30. Rd1 Kg8
31. Rxd5 Qxd5 32. Re1 Rd7 33. Qb3 Qxb3+ 34. Kxb3 Kf7 35. Kc2 Ne6 36. Rh1 Nd4+ 37. Bxd4 Rxd4 38. Rb1 Rd7 39. Rb6 Ke7 40. Kc3 Kd8
41. h5 Rg7 42. hxg6 hxg6 43. Kd4 Kc7 44. Ke5 Rf7 45. Rxg6 f4 46. Rb6 Rf8 47. Ke4 Rf7= 48. Rb1 Rf6 49. Rc1+ Kd7 50. Rb1 Kc7
51. Rc1+ Kd7 52. Rd1+= Kc7 53. Rc1+ Kd7
1/2-1/2

[Event "Phew I was scared of the Abraham`s Defence!"]
[Site "SchemingMind.com"]
[Date "2013.06.12"]
[Round "-"]
[White "jnable"]
[Black "private napoleon"]
[Result "1-0"]
[WhiteCountry "PHI"]
[BlackCountry "ENG"]
[WhiteElo "1798"]
[WhiteRD "95"]
[BlackElo "1791"]
[BlackRD "62"]
[GameID "332851"]

1. d4 d5 2. c4 c6 3. Nf3 Nf6 4. Nc3 a6 5. e3 b5 6. cxd5 cxd5 7. Qb3 Nc6 8. a4 b4 9. Ne2 e6 10. Bd2 Be7
11. Nf4 O-O 12. Bd3 a5 13. Be2 Ne4 14. O-O Bb7 15. Rac1 Qb6 16. Nd3 Kh8 17. Rfd1 f6 18. Nfe1 Nxd2 19. Rxd2 Rac8 20. Nc5 Na7
21. Rdc2 Bxc5 22. dxc5 Qc6 23. Bf3 Rc7 24. Bg4 Bc8 25. Nd3 Bd7 26. Nf4 f5 27. Bh3 Qxa4 28. Qxa4 Bxa4 29. Nxe6 Bxc2 30. Nxc7 Bb3
31. Ne6 Rc8 32. Bxf5 Ba4 33. Nf4 Rd8 34. Ne6 Rc8 35. Nd4 Rd8 36. c6
1-0

[Event "Phew I was scared of the Abraham`s Defence!"]
[Site "SchemingMind.com"]
[Date "2013.06.10"]
[Round "-"]
[White "Aba"]
[Black "Ulrich Klapp"]
[Result "1-0"]
[WhiteCountry "ISR"]
[BlackCountry "GER"]
[WhiteElo "1702"]
[WhiteRD "125"]
[BlackElo "1579"]
[BlackRD "87"]
[GameID "332959"]

1. d4 d5 2. c4 c6 3. Nf3 Nf6 4. Nc3 a6 5. e3 g6 6. h3 Bg7 7. c5 Nbd7 8. b4 O-O 9. Bd3 Re8 10. g4 e5
11. Bb2 Qc7 12. dxe5 Nxe5 13. Nxe5 Qxe5 14. Qf3 Qg5 15. O-O-O Nd7 16. h4 Qf6 17. Qg3 Ne5 18. g5 Qe6 19. Be2 Nc4 20. Bxc4 dxc4
21. h5 Be5 22. f4 Bxc3 23. Bxc3 Qe4 24. hxg6 fxg6 25. Qh4 Qxe3+ 26. Kb2 Qe2+ 27. Ka3 Re7 28. Rd8+ Kf7 29. Qxh7+
1-0

[Event "Phew I was scared of the Abraham`s Defence!"]
[Site "SchemingMind.com"]
[Date "2013.06.10"]
[Round "-"]
[White "Ulrich Klapp"]
[Black "Aba"]
[Result "0-1"]
[WhiteCountry "GER"]
[BlackCountry "ISR"]
[WhiteElo "1604"]
[WhiteRD "87"]
[BlackElo "1854"]
[BlackRD "98"]
[GameID "332962"]

1. d4 d5 2. c4 c6 3. Nf3 Nf6 4. Nc3 a6 5. e3 e6 6. Bd3 h6 7. Ne5 Nbd7 8. Qe2 Bb4 9. O-O Nxe5 10. dxe5 Nd7
11. f4 b5 12. Bd2 dxc4 13. Be4 Bb7 14. a3 Ba5 15. Rad1 Qe7 16. Qf3 O-O 17. Ne2 Bb6 18. Nd4 Bxd4 19. exd4 Rfc8 20. Qg3 f6
21. Bf3 Rab8 22. Bb4 c5 23. Bxc5 Nxc5 24. dxc5 Qxc5+ 25. Kh1 Qe7 26. Bxb7 Rxb7 27. exf6 Qxf6 28. Qf2 b4 29. axb4 Rxb4 30. Rd6 Rxb2
31. Qa7 c3 32. Qxa6 Rcb8 33. Rxe6 Qd4 34. f5 Rb1 35. Re8+ Rxe8 36. Rxb1 Qe4 37. Rf1 c2 38. Qa2+ Kh7
0-1

[Event "Phew I was scared of the Abraham`s Defence!"]
[Site "SchemingMind.com"]
[Date "2013.06.21"]
[Round "-"]
[White "Olli Ylönen"]
[Black "ray winteringham"]
[Result "0-1"]
[WhiteCountry "FIN"]
[BlackCountry "ENG"]
[WhiteElo "1862"]
[WhiteRD "57"]
[BlackElo "1526"]
[BlackRD "49"]
[GameID "333407"]

1. d4 d5 2. c4 c6 3. Nf3 Nf6 4. Nc3 a6 5. c5 Bg4 6. Ne5 Bh5 7. Qb3 Qc7 8. f3 e6 9. g4 Bg6 10. h4 h6
11. Nxg6 fxg6 12. Qc2 Qf7 13. Na4 Nbd7 14. Bh3 Be7 15. Bf4 O-O 16. Qd2 Ne8 17. Bg3 g5 18. Bg2 Rc8 19. Qd3 Nc7 20. Bd6 Bd8
21. Bxf8 Nxf8 22. hxg5 Bxg5 23. b4 Nb5 24. Nc3 Ng6 25. e3 Na3 26. O-O-O Nh4 27. Rh2 Nc4 28. Re1 Nxf3 29. Bxf3 Qxf3 30. Nd1 Qxg4
31. Kc2 Rf8 32. Reh1 Rf3 33. Qg6 Qg3 34. Qxe6+ Kh7 35. Rh3 Qg2+ 36. Kb1 Na3+ 37. Ka1 Qc2 38. Nb2 Rf2 39. Rxh6+ Bxh6 40. Rxh6+ gxh6
41. Qd7+ Kg6 42. Qg4+ Kf6 43. Qh4+ Kf5 44. Qh3+ Ke4 45. Qh1+ Kxe3 46. Nd1+ Ke2
0-1

[Event "Phew I was scared of the Abraham`s Defence!"]
[Site "SchemingMind.com"]
[Date "2013.06.21"]
[Round "-"]
[White "ray winteringham"]
[Black "Olli Ylönen"]
[Result "0-1"]
[WhiteCountry "ENG"]
[BlackCountry "FIN"]
[WhiteElo "1539"]
[WhiteRD "50"]
[BlackElo "1847"]
[BlackRD "58"]
[GameID "333413"]

1. d4 d5 2. c4 c6 3. Nf3 Nf6 4. Nc3 a6 5. g3 dxc4 6. Bg2 g6 7. e4 Bg7 8. e5 Nd5 9. O-O Bg4 10. h3 Bxf3
11. Qxf3 e6 12. Bd2 O-O 13. Kh2 b5 14. h4 a5 15. Qe2 Qc7 16. Ne4 Nd7 17. f4 c5 18. Qf2 cxd4 19. Qxd4 Qb6 20. Qxb6 N7xb6
21. Nd6 b4 22. Rfe1 Rfd8 23. Rac1 Rxd6 24. exd6 Bxb2 25. Rb1 c3 26. Be3 Rc8 27. Red1 Nxe3 28. Re1 Nxg2 29. Kxg2 Nc4 30. Red1 Ne3+
0-1

[Event "Phew I was scared of the Abraham`s Defence!"]
[Site "SchemingMind.com"]
[Date "2013.07.14"]
[Round "-"]
[White "John Hamer"]
[Black "Olli Ylönen"]
[Result "1/2-1/2"]
[WhiteCountry "ENG"]
[BlackCountry "FIN"]
[WhiteElo "2055"]
[WhiteRD "67"]
[BlackElo "1847"]
[BlackRD "59"]
[GameID "334679"]

1. d4 d5 2. c4 c6 3. Nf3 Nf6 4. Nc3 a6 5. e3 e6 6. Bd3 dxc4 7. Bxc4 b5 8. Bd3 c5 9. O-O Bb7 10. Qe2 Nbd7
11. Rd1 Qc7 12. e4 cxd4 13. Nxd4 Bc5 14. Be3 O-O 15. Nf3 Bxe3 16. Qxe3 Qb6 17. Qf4 Rac8 18. Rac1 Qc7 19. Qe3 Qb6 20. Qg5 h6
21. Qf4 Qc7 22. Qe3 Qb6 23. Qe2 Rfd8 24. a3 Nc5 25. Bb1 Nb3 26. Rxd8+ Rxd8 27. Rd1 Nd4 28. Rxd4 Rxd4 29. Nxd4 Qxd4 30. Bd3 Ng4
31. Bxb5 Nxf2 32. Qxf2 Qxf2+ 33. Kxf2 axb5 34. Nxb5 Bxe4 35. b4 Bc6 36. Nd4 Ba8 37. a4 Kf8 38. a5 Ke8 39. h4 Kd7 40. h5 g6
41. hxg6 fxg6 42. b5 Kd6 43. b6 e5 44. Nb5+ Kc5 45. Nc7 Bb7 46. Ne6+ Kb5=
1/2-1/2

[Event "Phew I was scared of the Abraham`s Defence!"]
[Site "SchemingMind.com"]
[Date "2013.07.14"]
[Round "-"]
[White "Olli Ylönen"]
[Black "John Hamer"]
[Result "0-1"]
[WhiteCountry "FIN"]
[BlackCountry "ENG"]
[WhiteElo "1826"]
[WhiteRD "61"]
[BlackElo "2071"]
[BlackRD "69"]
[GameID "334686"]

1. d4 d5 2. c4 c6 3. Nf3 Nf6 4. Nc3 a6 5. c5 Bf5 6. Qb3 Ra7 7. Bf4 Nbd7 8. h3 g6 9. e3 Bg7 10. Be2 O-O
11. O-O Ne4 12. Nxe4 Bxe4 13. Ne5 Bxe5 14. Bxe5 f6 15. Bh2 e5 16. f3 Bf5 17. e4 Be6 18. exd5 cxd5 19. Qd3 Re8 20. b4 Bf5
21. Qc3 exd4 22. Qxd4 Rxe2 23. Qxd5+ Be6 24. Qd3 Rxa2 25. Rxa2 Bxa2 26. Rd1 b5 27. Kh1 Qe8 28. c6 Ne5 29. Bxe5 fxe5 30. Qd6 Bb3
31. Re1 Qe7 32. Qxe5 Qxe5 33. Rxe5 Rc7
0-1

[Event "Phew I was scared of the Abraham`s Defence!"]
[Site "SchemingMind.com"]
[Date "2013.09.26"]
[Round "-"]
[White "Aba"]
[Black "jnable"]
[Result "1/2-1/2"]
[WhiteCountry "ISR"]
[BlackCountry "PHI"]
[WhiteElo "1832"]
[WhiteRD "82"]
[BlackElo "1771"]
[BlackRD "87"]
[GameID "338951"]

1. d4 d5 2. c4 c6 3. Nf3 Nf6 4. Nc3 a6 5. cxd5 cxd5 6. Bg5 e6 7. a3 Nc6 8. e3 Be7 9. Bd3 O-O 10. Qe2 Bd7
11. h4 h6 12. Bf4 Rc8 13. Kd2 Na5 14. Qd1 Qb6 15. b4 Nc4+ 16. Bxc4 Rxc4 17. Ne5 Rfc8 18. Nxc4 Rxc4 19. f3 a5 20. b5 Bd6
21. Bxd6 Qxd6 22. f4 h5 23. a4 Ng4 24. Qe2 Qb4 25. Rac1 Nf6 26. Kd3 Rxc3+ 27. Rxc3 Qxa4 28. Qb2 Bxb5+ 29. Kd2 Ne4+ 30. Ke1 Nxc3
31. Qxc3 Bc4 32. Kf2 Qc6 33. Qxa5 b5 34. Ra1 Kh7 35. Qc3 Qb7 36. g3 b4 37. Qd2 b3 38. Qb2 Kg6=
1/2-1/2

[Event "Phew I was scared of the Abraham`s Defence!"]
[Site "SchemingMind.com"]
[Date "2013.09.26"]
[Round "-"]
[White "jnable"]
[Black "Aba"]
[Result "0-1"]
[WhiteCountry "PHI"]
[BlackCountry "ISR"]
[WhiteElo "1771"]
[WhiteRD "87"]
[BlackElo "1832"]
[BlackRD "82"]
[GameID "338954"]

1. d4 d5 2. c4 c6 3. Nf3 Nf6 4. Nc3 a6 5. e3 b5 6. cxd5 cxd5 7. Bd3 Bg4 8. O-O e6 9. a3 Nc6 10. b4 Bd6
11. h3 Bh5 12. Bd2 h6 13. Rc1 Qd7 14. Be2 Bxf3 15. Bxf3 g5 16. g3 Ne7 17. Bg2 e5 18. dxe5 Bxe5 19. f4 gxf4 20. exf4 Bc7
21. Be3 Rd8 22. Bd4 Qd6 23. Re1 Bb6 24. Nxd5 Nxd5 25. Bxb6 Nxb6 26. Qxd6 Rxd6 27. Rc7 Re6 28. Rxe6 fxe6 29. Ra7 Kf7 30. Rxa6 Nbd5
31. Ra7 Rc8 32. f5 Rc7 33. fxe6+ Kxe6 34. Bxd5+ Nxd5 35. Ra6+ Ke5 36. Rxh6 Rc3 37. Kf2 Rxa3 38. Rh5+ Ke4 39. Rh4+ Kd3 40. g4 Ke4
41. Rh5 Rf3+ 42. Ke2 Nf4+
0-1

[Event "Phew I was scared of the Abraham`s Defence!"]
[Site "SchemingMind.com"]
[Date "2013.11.16"]
[Round "-"]
[White "harsh"]
[Black "dsplit"]
[Result "1-0"]
[WhiteCountry "IND"]
[BlackCountry "NED"]
[WhiteElo "2125"]
[WhiteRD "88"]
[BlackElo "1694"]
[BlackRD "73"]
[GameID "341754"]

1. d4 d5 2. c4 c6 3. Nf3 Nf6 4. Nc3 a6 5. c5 Nbd7 6. Bf4 Nh5 7. Qd2 Nxf4 8. Qxf4 Nf6 9. Ne5 Be6 10. f3 g6
11. g4 Bg7 12. h4 O-O 13. h5 Nd7 14. h6 Bh8 15. Nd3 f6 16. Qg3 Bf7 17. e4 e5 18. Qf2 exd4 19. Qxd4 f5 20. e5 fxg4
21. f4 Be6 22. Be2 Qe7 23. O-O-O Rf7 24. Rhg1 Raf8 25. Bxg4 Bf5 26. Bxf5 Rxf5 27. Rde1 Rh5 28. Rh1 Rxh1 29. Rxh1 Rf7 30. Qe3 Nf8
31. Kb1 Ne6 32. Ne2 Kf8 33. Nd4 Nxd4 34. Qxd4 Ke8 35. Qb4 Qe6 36. Qb6 Qf5 37. Kc2 Qe4 38. Qa7 Qxh1 39. Qb8+ Ke7 40. Qxb7+ Kf8
41. Qc8+ Ke7 42. Qc7+ Kf8 43. Qd8#
1-0

[Event "Phew I was scared of the Abraham`s Defence!"]
[Site "SchemingMind.com"]
[Date "2013.11.14"]
[Round "-"]
[White "dsplit"]
[Black "harsh"]
[Result "0-1"]
[WhiteCountry "NED"]
[BlackCountry "IND"]
[WhiteElo "1731"]
[WhiteRD "71"]
[BlackElo "2106"]
[BlackRD "82"]
[GameID "341764"]

1. d4 d5 2. c4 c6 3. Nf3 Nf6 4. Nc3 a6 5. e3 e6 6. c5 Nbd7 7. Bd3 Qc7 8. b4 e5 9. Nxe5 Nxe5 10. dxe5 Qxe5
11. Bd2 Bg4 12. Be2 Bf5 13. O-O Be7 14. Na4 Ne4 15. Be1 O-O 16. Rc1 Rad8 17. Qd4 Qxd4 18. exd4 Bf6 19. Rd1 Rfe8 20. Bf3 Ng5
21. Bh5 g6 22. Bf3 Nxf3+ 23. gxf3 Bc2
0-1

[Event "Phew I was scared of the Abraham`s Defence!"]
[Site "SchemingMind.com"]
[Date "2014.01.17"]
[Round "-"]
[White "emvarela"]
[Black "Uzi Mike"]
[Result "1-0"]
[WhiteCountry "ARG"]
[BlackCountry "USA"]
[WhiteElo "1732"]
[WhiteRD "45"]
[BlackElo "2077"]
[BlackRD "83"]
[GameID "345377"]

1. d4 d5 2. c4 c6 3. Nf3 Nf6 4. Nc3 a6 5. e3 b5 6. b3 Bg4 7. cxd5 cxd5 8. h3 Bxf3 9. Qxf3 Nc6 10. a4 Nb4
11. Qe2 Qc8 12. Bb2 bxa4 13. Rxa4 e6 14. Qd2
1-0

[Event "Phew I was scared of the Abraham`s Defence!"]
[Site "SchemingMind.com"]
[Date "2014.01.17"]
[Round "-"]
[White "Uzi Mike"]
[Black "emvarela"]
[Result "1-0"]
[WhiteCountry "USA"]
[BlackCountry "ARG"]
[WhiteElo "2083"]
[WhiteRD "86"]
[BlackElo "1753"]
[BlackRD "48"]
[GameID "345378"]

1. d4 d5 2. c4 c6 3. Nf3 Nf6 4. Nc3 a6 5. c5 Nbd7 6. Bf4 e6 7. e3 Be7 8. Bd3 b6 9. cxb6 Qxb6 10. Qc2 c5
11. O-O Bd6 12. Na4 Qc6 13. Bxd6 Qxd6 14. dxc5 Qc7 15. c6 Nb6 16. Nxb6 Qxb6 17. Rfc1 O-O 18. a3 Ra7 19. b4 Rc7 20. Qc5 Qxc5
21. Rxc5 Rd8 22. a4 Ne4 23. Bxe4 dxe4 24. Ng5 f5 25. b5
1-0

[Event "Phew I was scared of the Abraham`s Defence!"]
[Site "SchemingMind.com"]
[Date "2014.03.22"]
[Round "-"]
[White "harsh"]
[Black "John Hamer"]
[Result "1-0"]
[WhiteCountry "IND"]
[BlackCountry "ENG"]
[WhiteElo "2140"]
[WhiteRD "90"]
[BlackElo "2054"]
[BlackRD "63"]
[GameID "351499"]

1. d4 d5 2. c4 c6 3. Nf3 Nf6 4. Nc3 a6 5. e3 b5 6. c5 Nbd7 7. Bd3 e5 8. Nxe5 Nxe5 9. dxe5 Ng4 10. Be2 Nxe5
11. Qd4 Nd7 12. O-O Nxc5 13. Qe5+ Ne6 14. Bd2 Bd6 15. Qh5 O-O 16. Rac1 Bd7 17. Bd1 b4 18. Ne2 Re8 19. Ng3 g6 20. Qf3 Ng5
21. Qe2 c5 22. Qe1 Bb5 23. Be2 Qf6 24. Rb1 Rab8 25. f3 Ne6 26. f4 Ng7 27. Qf2 Rbd8 28. Bxb5 axb5 29. e4 dxe4 30. Rfe1 Bf8
31. Rxe4 Ne6 32. Be3 Rd5 33. f5 gxf5 34. Rf1 f4 35. Bxf4 Bg7 36. Qf3 Re7 37. Nh5 Qxb2 38. Bh6 Bxh6 39. Nf6+ Kh8 40. Nxd5 Ng5
41. Nxe7 Nxe4 42. Qxe4
1-0

[Event "Phew I was scared of the Abraham`s Defence!"]
[Site "SchemingMind.com"]
[Date "2014.03.22"]
[Round "-"]
[White "John Hamer"]
[Black "harsh"]
[Result "1-0"]
[WhiteCountry "ENG"]
[BlackCountry "IND"]
[WhiteElo "2054"]
[WhiteRD "63"]
[BlackElo "2140"]
[BlackRD "90"]
[GameID "351500"]

1. d4 d5 2. c4 c6 3. Nf3 Nf6 4. Nc3 a6 5. a4 dxc4 6. e3 e6 7. Bxc4 Be7 8. O-O O-O 9. e4 Nbd7 10. Bf4 Nh5
11. Bd2 Re8 12. g4 Nhf6 13. h3 c5 14. dxc5 Nxc5 15. Qc2 a5 16. Bf4 Qb6 17. Rfd1 Na6 18. Be3 Qc7 19. Nb5 Qb8 20. Rac1 Nb4
21. Qe2 b6 22. Bd4 Nd7 23. Rd2 Na6 24. Rcd1 Nac5 25. Be3 Rd8 26. Bxc5 Bxc5 27. e5 Be7 28. Qe3 Qb7 29. Bd3 Bb4 30. Rc2 Qb8
31. Nc7 Ra7 32. Ng5 g6 33. Nb5 Ra8 34. Be4 Ra6 35. Qf4 Rf8 36. Rc7 Be7 37. Qc1 Bc5 38. Nf3 f6 39. exf6 Nxf6 40. Bxg6 hxg6
41. Qh6
1-0

[Event "Phew I was scared of the Abraham`s Defence!"]
[Site "SchemingMind.com"]
[Date "2014.05.07"]
[Round "-"]
[White "Aba"]
[Black "Uzi Mike"]
[Result "1-0"]
[WhiteCountry "ISR"]
[BlackCountry "USA"]
[WhiteElo "1790"]
[WhiteRD "74"]
[BlackElo "2111"]
[BlackRD "89"]
[GameID "357835"]

1. d4 d5 2. c4 c6 3. Nf3 Nf6 4. Nc3 a6 5. c5 b6 6. Bg5 bxc5 7. dxc5 Nbd7 8. b4 a5 9. a3 Qc7 10. e3 e6
11. Bd3 h6 12. Bh4 e5 13. Bf5 g6 14. Bxd7+ Nxd7 15. O-O Bb7 16. Re1 axb4 17. axb4 Rxa1 18. Qxa1 Bg7 19. e4 d4 20. Ne2 O-O
21. Qb2
1-0

[Event "Phew I was scared of the Abraham`s Defence!"]
[Site "SchemingMind.com"]
[Date "2014.05.07"]
[Round "-"]
[White "Uzi Mike"]
[Black "Aba"]
[Result "1-0"]
[WhiteCountry "USA"]
[BlackCountry "ISR"]
[WhiteElo "2117"]
[WhiteRD "93"]
[BlackElo "1788"]
[BlackRD "72"]
[GameID "357836"]

1. d4 d5 2. c4 c6 3. Nf3 Nf6 4. Nc3 a6 5. Qc2 h6 6. c5 b6 7. cxb6 Qxb6 8. Bf4 g6 9. e3 Bf5 10. Qb3 Nbd7
11. Qxb6 Nxb6 12. Rc1 Bd7 13. Bc7 Nc4 14. Bxc4 dxc4 15. Be5 Bg7 16. Na4 Be6 17. Nc5 O-O 18. Nxe6 fxe6 19. O-O Nd7 20. Bxg7 Kxg7
21. Rxc4 Rac8 22. Rfc1 Nb8 23. Ne5 Rf5 24. f4 g5 25. fxg5 hxg5 26. Rb4 a5 27. Rb7 Re8 28. b3 Kh6 29. Ra7 Kh5 30. g4+
1-0

[Event "Phew I was scared of the Abraham`s Defence!"]
[Site "SchemingMind.com"]
[Date "2014.08.18"]
[Round "-"]
[White "Aba"]
[Black "John Hamer"]
[Result "0-1"]
[WhiteCountry "ISR"]
[BlackCountry "ENG"]
[WhiteElo "1794"]
[WhiteRD "73"]
[BlackElo "2064"]
[BlackRD "57"]
[GameID "363118"]

1. d4 d5 2. c4 c6 3. Nf3 Nf6 4. Nc3 a6 5. c5 Nbd7 6. Bf4 Nh5 7. Bg5 h6 8. Bh4 g5 9. g4 Nhf6 10. Bg3 Nxg4
11. e3 Bg7 12. h3 Ngf6 13. Bd3 O-O 14. Qc2 b6 15. cxb6 Qxb6 16. b3 c5 17. Rd1 Bb7 18. Be2 cxd4 19. Nxd4 e5 20. Nf3 Rfc8
21. Qd2 Qc7 22. Na4 Ne4 23. Qb4 Bf8
0-1

[Event "Phew I was scared of the Abraham`s Defence!"]
[Site "SchemingMind.com"]
[Date "2014.08.18"]
[Round "-"]
[White "John Hamer"]
[Black "Aba"]
[Result "1-0"]
[WhiteCountry "ENG"]
[BlackCountry "ISR"]
[WhiteElo "2051"]
[WhiteRD "59"]
[BlackElo "1792"]
[BlackRD "73"]
[GameID "363119"]

1. d4 d5 2. c4 c6 3. Nf3 Nf6 4. Nc3 a6 5. c5 Nbd7 6. Bf4 h6 7. e3 g5 8. Bg3 Bg7 9. Bd3 Nh5 10. O-O e6
11. Bd6 Nhf6 12. Re1 Bf8 13. Bg3 Nh5 14. Be5 Nhf6 15. e4 b6 16. exd5 Nxe5 17. Nxe5 cxd5 18. Qa4+ Nd7 19. Qc6 Rb8 20. Nxf7
1-0